|
|
|
|
| LEADER |
00000cam a2200000 a 4500 |
| 001 |
vtls001358884 |
| 003 |
SK-MaSNL |
| 005 |
20260311134719.0 |
| 008 |
251113s1988 xr np 00000 cze |
| 020 |
|
|
|a 800492025X
|
| 035 |
|
|
|a SNK000312414
|
| 040 |
|
|
|a SNK
|b slo
|c SNK
|e AACR2
|
| 041 |
0 |
|
|a cze
|
| 044 |
|
|
|a xr
|c CZ
|
| 080 |
|
|
|a 339
|2 1981
|
| 080 |
|
|
|a 330.13
|2 1981
|
| 080 |
|
|
|a (437)
|2 1981
|
| 080 |
|
|
|a (075.8)
|2 1981
|
| 245 |
0 |
0 |
|a Systémové zabezpečení ekonomické efektivnosti čs. vnějšich ekonomických vztahů
|b shrnutí výsledků výzkumu v rámci Státního plánu ekonomického výzkumu v období 1986-1988
|c Josef Spal ... [et al.]
|
| 250 |
|
|
|a 1. vyd.
|
| 260 |
|
|
|a Praha
|b Státní pedagogické nakladatelství
|c 1988
|
| 300 |
|
|
|a 92, [1] s.
|c 24 cm
|
| 490 |
1 |
|
|a Acta Oeconomica Pragensia
|v 9
|
| 504 |
|
|
|a Obsahuje bibliografiu
|
| 650 |
0 |
7 |
|a medzinárodné ekonomické vzťahy
|2 SNKPH
|9 457837
|
| 650 |
0 |
7 |
|a ekonomická efektívnosť
|2 SNKPH
|9 74879
|
| 651 |
|
7 |
|a Československo
|2 SNKPH
|9 21376
|
| 655 |
|
7 |
|a učebnice vysokých škôl
|2 SNKPH
|9 70191
|
| 700 |
1 |
|
|a Spal, Josef,
|d 1919-2020
|4 aut
|9 171440
|
| 710 |
2 |
|
|a Vysoká škola ekonomická v Praze
|4 pbl
|9 60376
|
| 830 |
|
0 |
|a Acta Oeconomica Pragensia
|9 293190
|
| 852 |
|
|
|a Slovenská národná knižnica
|
| 919 |
|
|
|a 80-04-92025-X
|
| 958 |
|
|
|a RK
|
| 958 |
|
|
|a OND
|
| 999 |
|
|
|c 893045
|d 894975
|
| 952 |
|
|
|t P60, <04>, [BOOK], {604}
|a SNK
|b SNK
|y VYP
|7 0
|o snkIC 114361
|i snkKIP 2893/90
|0 0
|1 0
|4 0
|d 1999-03-29
|l 0
|r 2005-01-02 00:00:00
|w 2026-02-24
|
| 952 |
|
|
|t P60, <04>, [BOOK], {604}
|a SNK
|b SNK
|y VYP
|7 0
|o snkIC 114361 D1
|i snkKIP 2894/90
|0 0
|1 0
|4 0
|d 1999-03-29
|l 0
|r 2005-01-02 00:00:00
|w 2026-02-24
|